000 00872nam a2200229Ia 4500
003 IN-BaIIA
008 211028s9999 xx 000 0 eng d
020 _a90-277-2298-6
040 _cIIA Library
080 _a082.2:52
_bIAU-S119
111 _aInternational Astronomical Union Symposium on Quasarsm
_n119th
_cBangalore
_d1985 Dec. 2-6
_915139
245 0 _aQuasars
_bproceedings of the International Astronomical Union Symposium no.119 on Quasarsm, held in Bangalore, India December 2-6, 1985
_cedited by Govind Swarup and V. K. Kapahi 
260 _aDordrecht
_bD. Reidel Publishing
_c1986
300 _axx, 605p.
650 _aActive galactic nuclei
_96209
650 _aAstronomy and Astrophysics thesaurus
650 _aQuasars
_91096
650 _aX-ray sources
_912440
700 _aKapahi, V. K. 
_915140
700 _aSwarup, Govind, ed.
_915141
942 _cBK
999 _c9005
_d9005